| 000 | 00547nam a2200181Ia 4500 | ||
|---|---|---|---|
| 008 | 140925s9999 xx 000 0 und d | ||
| 020 | _a1464-3650 | ||
| 245 |
_aIndustrial and corporate change / _h[electronic resource] |
||
| 260 |
_bOxford University Press, _cc2014. |
||
| 516 | _aElectronic text | ||
| 650 | _aCorporate Change. | ||
| 650 | _aEntrepreneurship. | ||
| 650 | _aIndustrial. | ||
| 830 | _aOxford University Press | ||
| 856 | _uhttp://icc.oxfordjournals.org/content/22/1/107.full | ||
| 942 | _cEJ | ||
| 999 |
_c275767 _d275767 |
||